000
00300nam a22001337a 4500
008
181016b xxu||||| |||| 00| 0 eng d
020
_a
9780135129043
041
_a
eng
080
_2
3rd
_a
340
100
_a
15
101
_a
SHJJ
245
_a
Medical Law and Ethics
_c
Fremgen,B.F
942
_2
udc
_c
BK
999
_c
49855
_d
49855